Transformers More Than Meets The Eye/Lost Light Trivia - Statistics

General Stats
  • This quiz has been taken 92 times
  • The average score is 12 of 29
Answer Stats
Question Answer % Correct
What did Rodimus give out to various crew members as a reward? Rodimus Star
81%
Who is the Greatest Autobot of All Time? Thunderclash
79%
What does M.T.O. stand for? Made to order
78%
What kind of Point One Percenter is Minimus Ambus? Load-Bearer
70%
What is the name of the cocktail lounge Mirage opens? "Visages"
70%
What was Megatron forced to refuel with? Fool's Energon
65%
What senatorial punishment were Whirl, Damus and Shockwave subjected to? Empurata
63%
What were Ravage's last words? "Don't change back"
62%
Who is the God of Change amongst the Guiding Hand? Adaptus
51%
What kind of weapon do Cyclonus and Drift use? A Great Sword
51%
Who killed the quantum duplicate Chromedome? Vos
51%
What does the Rodpod look like? Rodimus' head
49%
Which prison was Skids sent to during the war? Grindcore
41%
What is the Lost Light's newspaper called? The Lost Light Insider
40%
On what planet do the Decepticon Justice Division call home? Messatine
38%
The Galactic Council is one organic peacekeeping organization. What is the other? The Black Block Consortia
38%
What was Ultra Magnus' full title during MTMTE Season 1? The Duly Appointed Enforcer of the Tyrest Accord
38%
Where was Megatron stranded until very recently? The Functionist Universe
37%
What was hidden inside Grimlock's chest? The Magnificence
30%
Where did the Scavengers find Fulcrum? Clemency
22%
What were the Scavengers originally called? The Foragers
22%
What can Rung produce? Photonic crystals
21%
What was Sunder's serial killer nickname? The Tetrahex Ripper
21%
Which Cybertronian colony does Nickel hail from? Prion
16%
What is Skullcruncher's nickname? The Self-Hating Decepticon
13%
What sickness does Getaway have, according to Froid? Primus Apotheosis
11%
How many crew members voted for and against Rodimus respectively? 101 and 89
6%
What is the Necrobot's full name? Censere of the High-Ceilinged Manifold
6%
Where did Senator Shockwave train outliers? The Jhiaxian Academy of Advanced Technology
5%
No matching quizzes found
Score Distribution
Percent of People with Each Score
Percentile by Number Answered
Your Score History
You have not taken this quiz